| 000 | nam a22 7a 4500 | ||
|---|---|---|---|
| 999 |
_c58328 _d58328 |
||
| 005 | 20200117093731.0 | ||
| 008 | 200117b ag ||||| |||| 00| 0 spa d | ||
| 020 | _a9505272308 | ||
| 050 | 0 | 4 |
_aKHA3084 _bL45 1999 |
| 100 | 1 | _aLeiva Fernández, Luis F. P. | |
| 245 | 1 | 0 |
_aFundamentos de técnica legislativa _c / Luis F. P. Leiva Fernández |
| 250 | _a1a ed. | ||
| 260 |
_aBuenos Aires : _bLa Ley, _c1999 |
||
| 300 |
_axliv, 402 p. ; _c24 cm. |
||
| 504 | _aIncluye apéndice y bibliografía : p. 383-402 | ||
| 650 | 7 |
_2lemb _aRedacción de proyectos de ley _zArgentina |
|
| 650 | 7 |
_2lemb _aRedacción de proyectos de ley _zItalia |
|
| 942 |
_2lcc _cLIB |
||